50 Biggest Cities of Iceland on a Map - Statistics

General Stats
  • This quiz has been taken 762 times
  • The average score is 14 of 50
Answers on the Map
Answers color-coded by a green-red scale on the quiz's map according to % correct below.
 
Answer Stats
Population City % Correct
119,108 Reykjavík
97%
17,754 Akureyri
74%
8,169 Keflavík
68%
30,799 Kópavogur
47%
6,512 Selfoss
45%
2,600 Ísafjörður
42%
2,821 Grindavík
41%
26,099 Hafnarfjörður
40%
6,623 Akranes
39%
1,641 Höfn
39%
2,237 Húsavík
35%
8,886 Mosfellsbær
32%
10,909 Garðabær
31%
4,142 Vestmannaeyjar
30%
2,257 Egilsstaðir
29%
1,763 Borgarnes
28%
1,010 Ólafsvík
27%
753 Hella
26%
1,100 Stykkishólmur
26%
1,454 Dalvík
25%
2,316 Hveragerði
25%
2,484 Álftanes
24%
716 Seyðisfjörður
24%
911 Blönduós
23%
4,400 Njarðvík
23%
4,320 Seltjarnarnes
23%
2,635 Sauðárkrókur
22%
1,161 Vogar
22%
904 Bolungarvík
21%
1,452 Garður
21%
951 Grundarfjörður
21%
622 Patreksfjörður
21%
1,533 Þorlákshöfn
21%
1,102 Reyðarfjörður
20%
1,206 Siglufjörður
20%
1,683 Sandgerði
19%
1,043 Eskifjörður
18%
363 Flúðir
18%
601 Hvammstangi
18%
881 Ólafsfjörður
18%
559 Vopnafjörður
18%
354 Djúpivogur
17%
381 Hólmavík
17%
1,437 Neskaupstaður
17%
530 Skagaströnd
17%
594 Eyrarbakki
16%
674 Fáskrúðsfjörður
16%
822 Hvolsvöllur
16%
487 Stokkseyri
15%
391 Hellissandur
14%
No matching quizzes found
Score Distribution
Percent of People with Each Score
Percentile by Number Answered
Your Score History
You have not taken this quiz